Popular TV Shows by Poster - Statistics

General Stats
  • This quiz has been taken 351 times
  • The average score is 9 of 16
Answer Stats
Picture Answer % Correct
Family Guy
97%
Breaking Bad
96%
Game of Thrones
93%
Bojack Horseman
75%
Modern Family
71%
The Mandalorian
68%
The Boys
63%
The Last of Us
62%
Ted Lasso
59%
Dragon Ball Z
57%
The Brady Bunch
44%
American Idol
35%
24
31%
Married With Children
25%
The Wire
25%
The Last Dance
23%
No matching quizzes found
Score Distribution
Percent of People with Each Score
Percentile by Number Answered
Your Score History
You have not taken this quiz